000 00750nmc a2200277 a 4500
003 AR-BaBNM
005 20251128202715.0
008 075020s1997 ||||||||||||||000 | spa||
020 _a950-9283-05-2
040 _cAR-BaBNM
100 1 _aAlvarez, Julio César
245 1 0 _aCamino a la nueva escuela
260 _aBuenos Aires
_bGEEMA
_c1997
300 0 _a111 p.
490 0 _aPropuestas regionales
504 _aBibliografĂ­a en p. 109-111
650 4 _aORGANIZACION ESCOLAR
651 4 _aCatamarca
653 _aGESTION EDUCATIVA
653 _aGESTION INSTITUCIONAL
653 _aPROYECTO EDUCATIVO INSTITUCIONAL
653 _aEDUCACION GENERAL BASICA
653 _aEXPERIENCIAS EDUCATIVAS
942 _cBK
998 _cmaria eugenia
999 _c200
_d200